Zmeny štruktúry poľnohospodárskych podnikov a formy ich kooperácie v Slovenskej republike
Tendencie v kooperácii poľnohospodárskych podnikov v zahraničí. Formy podnikania a zmeny štruktúry v slovenských poľnohospodárskych podnikoch. Formy kooperácie poľnohospodárskych podnikov v Slovenskej republike. Vertikálna, horizontálna a sieťová kooperácia. Výsledky hospodárenia právnických a fyzic...
Salvato in:
| Autore principale: | |
|---|---|
| Natura: | Capitolo di libro |
| Lingua: | slovacco |
| Soggetti: | |
| Tags: |
Nessun Tag, puoi essere il primo ad aggiungerne!!
|
MARC
| LEADER | 00000naa$a2200000$$$4500 | ||
|---|---|---|---|
| 001 | 0116473 | ||
| 005 | 20240521122244.7 | ||
| 041 | 0 | |a slo | |
| 044 | |a SK | ||
| 245 | 1 | 0 | |a Zmeny štruktúry poľnohospodárskych podnikov a formy ich kooperácie v Slovenskej republike |c Elena Šúbertová |
| 520 | |a Tendencie v kooperácii poľnohospodárskych podnikov v zahraničí. Formy podnikania a zmeny štruktúry v slovenských poľnohospodárskych podnikoch. Formy kooperácie poľnohospodárskych podnikov v Slovenskej republike. Vertikálna, horizontálna a sieťová kooperácia. Výsledky hospodárenia právnických a fyzických osôb v poľnohospodárskych podnikoch. | ||
| 610 | 2 | 0 | |a poľnohospodárstvo |
| 610 | 2 | 0 | |a podnik poľnohospodársky |
| 610 | 2 | 0 | |a kooperácia |
| 610 | 2 | 0 | |a družstvá poľnohospodárske |
| 610 | 2 | 0 | |a výroba poľnohospodárska |
| 610 | 2 | 0 | |a osoby fyzické |
| 610 | 2 | 0 | |a osoby právnické |
| 610 | 2 | 0 | |a roľníci |
| 610 | 2 | 0 | |a spoločnosti obchodné |
| 610 | 2 | 0 | |a farmy |
| 100 | 1 | |a Šúbertová, Elena | |